1120 1133 1928 1706 1373 1154 1380 1157 1752 1566 1574 1094 1740 1600 1449 2000 1179 1143 1932 1519 1838 1481 1211 1857 1304 1647 1143 1766 1284 1616 1711 1303 1748 1998 1296 1984 1189 1352 1103 1363 1631 1285 1753 1658 1416 1771 1889 1016 1520 1314 1529 1950 1763 1118 1510 1273 1492 1915 1610 1282 1847 1152 1125 1370 1182 1461 1983 1430 1712 1612 1030 1362 1444 1767 1850 1080 1101 1431 1402 1872 1486 1296 1744 1215 1274 1677 1713 1827 1315 1211 1643 1861 1525 1971 1092 1511 1175 1047 1533 BCNSPRNW ULIB Ver.6.0+V

เปลี่ยนเป็นภาษาไทย

Change to English
 แสดงรายละเอียดบรรณานุกรม
  กลับหน้าหลัก

Brief Record : Get Marc (ISO 2709) : E-mail record : QR code < ปิดหน้าต่าง
LEADER : 00000nam 2200000uu 4500
001    13399125780
003     ULIB
008    170831s2560||||th 000 0 tha d
020    ^a9786164402539
060 04 ^aW15^bณ121ห
100 0  ^aณตพล ศุภณัฐเศรษฐกุล
245 10 ^aหลักพื้นฐานคำศัพท์เฉพาะทางด้านการแพทย์ =^bBasic Principle ofmedical terminology /^cณตพล ศุภณัฐเศรษฐกุล
246 31 ^aBasic principle of medical terminology
250    ^aพิมพ์ครั้งที่ 2
260    ^aพิษณุโลก :^bสำนักพิมพ์มหาวิทยาลัยนเรศวร,^c2559
300    ^a263 หน้า :^bภาพประกอบ ;^c27 ซม.
650  0 ^aEnglish language^xMedical English
650  0 ^aMedicine^xLanguage
650  2 ^aDictionaries, Medical
650  7 ^aแพทย์^xคำศัพท์
710 2  ^aมหาวิทยาลัยนเรศวร.^bคณะแพทยศาสตร์.^bภาควิชาพยาธิวิทยา
710 2  ^aหน่วยสนับสนุนการเรียนรู้ภาษาต่างประเทศทางการแพทย์
945    ^p0^l0^i003145
945    ^p0^l0^i003146
945    ^p0^l0^i003147
945    ^p0^l0^i003148
945    ^p0^l0^i003149
999    ^aประนอม เกษจรัล
รายการนี้ยังไม่มีแท็ก
คุณยังไม่ได้ล็อกอิน คุณสามารถมีกิจกรรมร่วมกับเว็บไซต์ได้ แต่ต้องล็อกอินก่อน ::
  ล็อกอิน

รายการสื่อสารสนเทศ

ลำดับที่ ประเภท เลขเรียก/บาร์โค้ด สถานที่ สถานะ
1. วิทยาศาสตร์การแพทย์ และสุขภาพ
วิทยาศาสตร์การแพทย์ และสุขภาพ
สถานะ=หนังสือเก่า
W15 ณ121ห ฉ.1 
  Barcode: 003145
ห้องสมุดวิทยาเขตสวรรค์ประชารักษ์
►ส่วนจัดเก็บหนังสือเก่า สปร
บนชั้น
  ขอยืม
2. วิทยาศาสตร์การแพทย์ และสุขภาพ
วิทยาศาสตร์การแพทย์ และสุขภาพ
สถานะ=หนังสือเก่า
W15 ณ121ห ฉ.2 
  Barcode: 003146
ห้องสมุดวิทยาเขตสวรรค์ประชารักษ์
►ส่วนจัดเก็บหนังสือเก่า สปร
บนชั้น
  ขอยืม
3. วิทยาศาสตร์การแพทย์ และสุขภาพ
วิทยาศาสตร์การแพทย์ และสุขภาพ
สถานะ=หนังสือเก่า
W15 ณ121ห ฉ.3 
  Barcode: 003147
ห้องสมุดวิทยาเขตสวรรค์ประชารักษ์
►ส่วนจัดเก็บหนังสือเก่า สปร
บนชั้น
  ขอยืม
4. วิทยาศาสตร์การแพทย์ และสุขภาพ
วิทยาศาสตร์การแพทย์ และสุขภาพ
สถานะ=หนังสือเก่า
W15 ณ121ห ฉ.4 
  Barcode: 003148
ห้องสมุดวิทยาเขตสวรรค์ประชารักษ์
►ส่วนจัดเก็บหนังสือเก่า สปร
บนชั้น
  ขอยืม
5. วิทยาศาสตร์การแพทย์ และสุขภาพ
วิทยาศาสตร์การแพทย์ และสุขภาพ
สถานะ=หนังสือเก่า
W15 ณ121ห ฉ.5 
  Barcode: 003149
ห้องสมุดวิทยาเขตสวรรค์ประชารักษ์
►ส่วนจัดเก็บหนังสือเก่า สปร
บนชั้น
  ขอยืม

รายการใกล้เคียง
    ผู้แต่ง [ณตพล ศุภณัฐเศรษฐกุล]

    หัวเรื่อง [Dictionaries, Medical]

BibComment


ยังไม่เคยถูกคอมเมนท์

คอมเมนท์ทรัพยากรรายการนี้
  คอมเมนท์: หลักพื้นฐานคำศัพ..


 Copyright 2026. Bcnsprnw @Library